| 000 | 00987cam a2200169 4500500 | ||
|---|---|---|---|
| 005 | 20260322004755.0 | ||
| 041 | _afre | ||
| 042 | _adc | ||
| 100 | 1 | 0 |
_aChapon-Crouzet, Nathalie _eauthor |
| 700 | 1 | 0 |
_aNeyrand, Gérard _eauthor |
| 245 | 0 | 0 | _aIntroduction |
| 260 | _c2005. | ||
| 500 | _a78 | ||
| 520 | _aLa Preschool Autism Communication Therapy (pact) est un modèle d’intervention auprès des parents, basée sur de la guidance parentale par vidéo feedback. Il est destiné aux enfants porteurs de troubles du spectre de l’autisme diagnostiqués. Il s’agit de permettre au parent et à l’enfant de mieux communiquer grâce à la valorisation et au renforcement des compétences parentales. Nous présentons le contenu et l’intérêt de ce programme ainsi que des exemples de son utilisation en camsp. | ||
| 786 | 0 | _nDialogue | 167 | 1 | 2005-03-01 | p. 3-6 | 0242-8962 | |
| 856 | 4 | 1 | _uhttps://shs.cairn.info/revue-dialogue-2005-1-page-3?lang=fr&redirect-ssocas=7080 |
| 999 |
_c1742983 _d1742983 |
||